000 00332nam a2200145Ia 4500
008 150201s2007 xx 000 0 und d
082 _aC2008D
_b617.6
100 _aYADAV,N.S.
245 _aMCQS IN DENTISTRY
250 _a2ND
260 _bAITBS
_aDELHI
_c2007
300 _a1-422
650 _aGENERAL DENTISTRY
942 _2ddc
_cBK
999 _c3792
_d3792